000 00561nam a22002057a 4500
003 koha_MIRAKIL
005 20231213100118.0
008 231213b |||||||| |||| 00| 0 ||| d
020 _b978-9-75587012-0
040 _aTR-IsEVY
_btur
_cTR-IsEVY
082 _aFIC AKA/T
100 _aAkal, Aytül.
245 0 _aTerlikleri kim giyecek ?
250 _a5. bs.
260 _bUçanbalık Yayıncılık,
_c2011
300 _a16 s.
650 _aChildren's literature -- Tales, Turkish.
650 _aÇocuk edebiyatı -- Masallar, Türk.
942 _2ddc
_cBK
999 _c14686
_d14686